00349 2200145 4500001002100000005001500021035002000036245005900056100001600115300000900131260002900140082000800169084001400177990001200191INLIS00000000000220220250527013035 a0010-05250004941 aKamus Al-Munawir Arab-Indonesia Lengkap /cA.W.Munawir0 aA.W.Munawir a1591 bPustaka Progresif,c2002 a297 a297 A.W k a0712581